| 000 | 00770nam a2200217Ii 4500 | ||
|---|---|---|---|
| 003 | JO-AjNU | ||
| 008 | 230605s9999||||xx |||||||||||||| ||und|| | ||
| 017 | _a2009/1/103 | ||
| 040 |
_aJO-AjNU _bara _erda _cJO-AjNU |
||
| 041 | _aara | ||
| 050 | 1 | 4 | _aHV 6080.M334 2009 |
| 100 | 3 |
_aتأليف: المحاميد، خالد خلف, _eauthor _921472 |
|
| 245 | 0 | 0 | _aمقدمة في علم النفس الجنائي |
| 250 | _aط1 | ||
| 264 | 3 | 1 | _aعمان: المؤلف، 2009 |
| 300 |
_a103ص _bيحتوي على ببلوغرافية من 102-103ص |
||
| 336 |
_atext _btxt _2rdacontent |
||
| 337 |
_aunmediated _bn _2rdamedia |
||
| 338 |
_avolume _bnc _2rdacarrier |
||
| 650 | 4 |
_aالعقوبات - القانون الجنائي - علم النفس الجنائي _921473 |
|
| 999 |
_aA7463 _c11031 _d11031 |
||